| 000 | 00774nam a2200217 i 4500 | ||
|---|---|---|---|
| 001 | 26004 | ||
| 003 | ES-MaACL | ||
| 005 | 20260213184204.0 | ||
| 007 | t| | ||
| 008 | 030107s1918 sp f c |||| | spa d | ||
| 245 | 0 | 3 |
_aEl arte en la tauromaquía _b: catálogo de la exposición / _c[por el conde de las Almenas]. |
| 260 |
_aMadrid : _bBlass y Cía., _c1918. |
||
| 300 |
_a77 p., XL p. de lám. ; _c24 cm. |
||
| 500 | _aÍndices. | ||
| 650 | 4 |
_aCorridas de toros- _xEn el arte- _vExposiciones. _9151512 |
|
| 655 | 7 |
_2tgfbne _9193628 _aCatálogos de exposiciones |
|
| 700 | 1 |
_aAlmenas, José María de Palacio y Abarzuza, _cConde de las, _d1866-1940 _9140883 |
|
| 852 |
_aES-MaACL _jC-28991 _z. - Donat. José Antonio Llardent |
||
| 942 | _2udc | ||
| 999 |
_c26004 _d26004 |
||